[Event "Minsk rapid op3"]
[Site "Minsk"]
[Date "2018.06.29"]
[Round "7"]
[White "Grebeniuk, Semen"]
[Black "Svistun, Ivan"]
[Result "0-1"]
[WhiteElo "2323"]
[BlackElo "2081"]
[PlyCount "212"]
[EventDate "2018.06.29"]
[EventType "swiss (rapid)"]
[EventRounds "9"]
[EventCountry "BLR"]
[SourceTitle "EXT 2021"]
[Source "ChessBase"]
[SourceDate "2020.10.23"]
[SourceVersion "1"]
[SourceVersionDate "2020.10.23"]
[SourceQuality "1"]

1. d4 d5 2. Nf3 c6 3. c4 Bf5 4. Nc3 e6 5. g3 Nf6 6. Bg2 Be7 7. 0-0 0-0 8. Nh4 Bg6 9. Nxg6 hxg6 10. Qb3 Qb6 11. c5 Qxb3 12. axb3 Nbd7 13. b4 a6 14. f3 e5 15. e3 Rfe8 16. Bd2 Nh7 17. Bh3 f5 18. g4 Ng5 19. Bg2 e4 20. f4 Ne6 21. Bh3 fxg4 22. Bxg4 Kf7 23. Kh1 Nf6 24. Be2 Rh8 25. Rg1 Rh6 26. Rg2 Rah8 27. Be1 Ng8 28. Bg3 Bh4 29. Bxh4 Rxh4 30. Rf1 Ne7 31. Bg4 Nf5 32. Bxf5 gxf5 33. Ne2 g6 34. Rfg1 Nf8 35. Rf2 Nd7 36. Ng3 Nf6 37. Re2 Ng4 38. Rgg2 R8h7 39. Kg1 Rh3 40. Nf1 Rh8 41. Rg3 R3h4 42. b3 R4h6 43. Ra2 Rc8 44. Rgg2 Nf6 45. Rg3 Ne8 46. Rgg2 Nc7 47. Ng3 Ne6 48. Nf1 Kf6 49. Rg3 g5 50. fxg5+ Nxg5 51. Rf2 Nf3+ 52. Kg2 Rch8 53. h3 Ne1+ 54. Kh2 Nd3 55. Rfg2 Nxb4 56. Nd2 Nd3 57. Nf1 Ne1 58. Rf2 Nf3+ 59. Kg2 Ng5 60. Nh2 Rxh3 61. Ng4+ Ke6 62. Rxh3 Nxh3 63. Rf1 fxg4 64. Kg3 Ng5 65. Kxg4 Nf3 66. Kf4 Rf8+ 67. Kg3 Rg8+ 68. Kf4 Nd2 69. Rh1 Rf8+ 70. Kg5 Nxb3 71. Rh6+ Ke7 72. Rh7+ Rf7 73. Rh8 Nc1 74. Rb8 Ke6 75. Re8+ Kd7 76. Rb8 Kc7 77. Re8 Rd7 78. Kf4 Nb3 79. Ke5 Na1 80. Rh8 Nc2 81. Kf4 a5 82. Rh2 Nb4 83. Ke5 Nd3+ 84. Ke6 Nb4 85. Rb2 Rd8 86. Rb1 Nc2 87. Rb3 Rg8 88. Rc3 Nb4 89. Ra3 b6 90. cxb6+ Kxb6 91. Kd6 Rg6+ 92. Kd7 Kb5 93. Rc3 a4 94. Rc5+ Kb6 95. Rc1 Rh6 96. Rb1 Kb5 97. Rc1 a3 98. Rc5+ Ka4 99. Kc7 a2 100. Rc1 Kb3 101. Kb6 Kb2 102. Rc5 a1Q 103. Kc7 Na6+ 104. Kb6 Nxc5 105. dxc5 Kc3 106. Kc7 Qa7+ 0-1

[Event "Minsk rapid op3"]
[Site "Minsk"]
[Date "2018.06.29"]
[Round "8"]
[White "Svistun, Ivan"]
[Black "Denishev, Marat"]
[Result "1/2-1/2"]
[WhiteElo "2081"]
[BlackElo "2261"]
[PlyCount "153"]
[EventDate "2018.06.29"]
[EventType "swiss (rapid)"]
[EventRounds "9"]
[EventCountry "BLR"]
[SourceTitle "EXT 2021"]
[Source "ChessBase"]
[SourceDate "2020.10.23"]
[SourceVersion "1"]
[SourceVersionDate "2020.10.23"]
[SourceQuality "1"]

1. e4 g6 2. d4 Bg7 3. e5 c5 4. c3 cxd4 5. cxd4 d6 6. exd6 Qxd6 7. Nf3 Nf6 8. Bb5+ Bd7 9. Bxd7+ Nbxd7 10. 0-0 0-0 11. Nc3 Nb6 12. Qe2 e6 13. Be3 Nfd5 14. Rfd1 Rac8 15. Rac1 Nxc3 16. bxc3 Nc4 17. Nd2 Qd5 18. Qf3 Qxf3 19. Nxf3 Rfd8 20. Kf1 Rd5 21. Ke2 Ra5 22. Rc2 Na3 23. Rb2 b6 24. Bd2 Nc4 25. Rc2 h6 26. Ne1 Nd6 27. Kd3 e5 28. dxe5 Rd5+ 29. Ke2 Rxe5+ 30. Be3 Nc4 31. Nf3 Re7 32. Rd3 Rec7 33. Bd4 Na3 34. Rcd2 Nb5 35. Bxg7 Kxg7 36. Rd7 Nxc3+ 37. Kf1 Ne4 38. Rd1 Rxd7 39. Rxd7 Rc1+ 40. Ke2 Rc2+ 41. Kd3 Nc5+ 42. Kxc2 Nxd7 43. Kd3 Kf6 44. Kd4 Ke6 45. Nd2 Ne5 46. h3 Nc6+ 47. Ke4 f5+ 48. Kd3 Kd5 49. a3 a6 50. Nf1 b5 51. Ne3+ Ke5 52. g3 g5 53. Ng2 Kd5 54. Ne3+ Ke6 55. f4 a5 56. fxg5 hxg5 57. h4 f4 58. gxf4 gxh4 59. Ke4 b4 60. axb4 Nxb4 61. f5+ Kf6 62. Ng4+ Kg5 63. f6 Kg6 64. Ke5 Nd3+ 65. Ke6 Nc5+ 66. Ke7 Nd7 67. f7 h3 68. Ne5+ Nxe5 69. f8Q Ng4 70. Qg8+ Kf5 71. Qd5+ Kf4 72. Qxa5 Kg3 73. Qc3+ Kg2 74. Qg7 Kg3 75. Qc3+ Kg2 76. Qg7 h2 77. Qxg4+ 1/2-1/2